| 000 | 00537nam a2200181Ia 4500 | ||
|---|---|---|---|
| 003 | IN-BaIIA | ||
| 008 | 211028s9999 xx 000 0 eng d | ||
| 040 | _cIIA Library | ||
| 080 |
_a530.1 _bEIN |
||
| 100 | _aEinstein, Albert | ||
| 245 | 4 |
_aThe evolution of physics _cEinstein, Albert and Leopold Infeld |
|
| 260 |
_aCambridge _bCambridge University Press _c1961 |
||
| 300 | _axvi, 302p. | ||
| 650 | _aNASA thesaurus | ||
| 650 |
_aPhysics _973 |
||
| 700 |
_aInfeld, Leopold _94114 |
||
| 942 | _cBK | ||
| 999 |
_c2325 _d2325 |
||